000 01572cam a2200349 i 4500
001 17434383
003 CUTN
005 20150708153712.0
008 120817s2012 njua 001 0 eng
010 _a 2012470044
020 _a9789814374156
020 _a9814374156
040 _aDLC
_beng
_cDLC
_erda
_dDLC
041 1 _aeng
_hrus
042 _apcc
050 0 0 _aQC24.5
_b.A8513 2012
082 0 0 _a530
_223
100 1 _aAslamazov, L. G.
_q(Lev Grigorʹevich)
240 1 0 _aUdivitelʹnai︠a︡ fizika.
_lEnglish
245 1 4 _aThe wonders of physics /
_cAndrey Varlamov, Italian National Research Council, Italy, Lev Aslamazov, Moscow Technological University, Russia ; scientific editor, A.A. Abrikosov, Jr. ; translators, A.A. Abrikosov, Jr., J. Vydryg & D. Znamenski.
250 _a3rd edition.
300 _axiv, 312 pages :
_billustrations (some color) ;
_c24 cm
500 _aRev. ed. of: Wonders of physics / L.G. Aslamazov, A.A. Varlamov ; scientific editor, A.A. Abrikosov, Jr. ; translators, A.A. Abrikosov, Jr. & D. Znamenski. c2004.
500 _aIncludes index.
650 0 _aPhysics
_vPopular works.
700 1 _aVarlamov, A. A.
_q(Andreĭ Andreevich)
700 1 _aAslamazov, L. G.
_q(Lev Grigorʹevich)
775 0 8 _iRevision of:
_aAslamazov, L. G. (Lev Grigorʹevich)
_tThe wonders of physics / L.G. Aslamazov, A.A. Varlamov
_d[Hackensack, N.J.] : World Scientific, c2004
_w(DLC) 2006285587
906 _a7
_bcbc
_corigcop
_d2
_encip
_f20
_gy-gencatlg
942 _2ddc
_cBOOKS
999 _c15391
_d15391